[Event "Seattle Seafair Open"]
[Site "Chess.com"]
[Date "2020.07.19"]
[Round "?"]
[White "Sairam, Pranav"]
[Black "Wang, Felicity"]
[Result "1-0"]
[WhiteElo "2087"]
[BlackElo "1667"]
[PlyCount "121"]
[EventDate "2020.??.??"]

1. e4 e5 2. Nf3 Nc6 3. Bb5 a6 4. Bxc6 dxc6 5. O-O Bg4 6. h3 h5 7. d3 Qf6 8.
Nbd2 Ne7 9. Re1 Ng6 10. d4 Bd6 11. hxg4 hxg4 12. Nh2 Rxh2 13. Qxg4 Rh4 14. Qg3
O-O-O 15. Nf3 Rf4 16. Bxf4 Nxf4 17. Qg4+ Kb8 18. dxe5 Bxe5 19. Nxe5 Qxe5 20.
Qf5 Qd6 21. Rad1 Ne2+ 22. Kf1 Nd4 23. Qh3 Qc5 24. c3 Ne6 25. Rxd8+ Nxd8 26. Qd7
Qf8 27. Rd1 Ne6 28. b4 Ka7 29. a4 g5 30. Qd3 Qh8 31. Kg1 Qh5 32. Qe3+ Kb8 33.
Rd2 Qh8 34. a5 Qe5 35. Qd3 Qf4 36. c4 Qe5 37. Rd1 Nf4 38. Qd8+ Ka7 39. Qd2 Kb8
40. Qe3 Ne6 41. Rb1 Nd4 42. Qd3 g4 43. Rd1 Ne6 44. g3 Qh5 45. Qd7 Ka7 46. Qd2
Qh3 47. Qe3+ Kb8 48. Rd7 Qh7 49. Re7 Qg8 50. Qd3 Qh8 51. Rxf7 Ng5 52. Rf5 Nh3+
53. Kg2 Qa1 54. Qf1 Qd4 55. Rf8+ Ka7 56. Qe1 Qd6 57. Rf7 Qe6 58. Qe3+ b6 59.
Qxb6+ Ka8 60. Rf8+ Qc8 61. Rxc8# 1-0

[Event "Seattle Seafair Open"]
[Site "Chess.com"]
[Date "2020.07.18"]
[Round "?"]
[White "Sairam, Pranav"]
[Black "Devaraju, Sonia"]
[Result "1-0"]
[WhiteElo "2087"]
[BlackElo "1543"]
[PlyCount "53"]
[EventDate "2020.??.??"]

1. e4 e5 2. Nf3 Nc6 3. Bb5 a6 4. Bxc6 dxc6 5. O-O Bg4 6. h3 h5 7. d3 Qf6 8.
Nbd2 Be6 9. Nc4 Bd6 10. Nxd6+ cxd6 11. Ng5 O-O-O 12. Nxe6 Qxe6 13. f4 d5 14.
Qe1 f6 15. Qb4 dxe4 16. dxe4 Rd4 17. Qf8+ Rd8 18. Qxg7 Ne7 19. fxe5 fxe5 20.
Bg5 Rhe8 21. Rf7 Rd7 22. Raf1 Ng6 23. Rxd7 Qxd7 24. Qxg6 Rh8 25. Rf7 Qd1+ 26.
Kh2 Qxc2 27. Qd6 1-0

[Event "Seattle Seafair Open"]
[Site "Chess.com"]
[Date "2020.07.18"]
[Round "?"]
[White "Shahinyan, David"]
[Black "Zhou, Leonardo"]
[Result "1-0"]
[WhiteElo "2506"]
[BlackElo "1494"]
[PlyCount "79"]
[EventDate "2020.??.??"]

1. e4 e5 2. Nf3 Nc6 3. d4 exd4 4. Nxd4 Bc5 5. Nb3 Bb6 6. Nc3 h6 7. Qe2 Nge7 8.
Be3 O-O 9. O-O-O d6 10. f4 Bd7 11. Rg1 Ng6 12. Nd5 Re8 13. f5 Bxe3+ 14. Nxe3
Qg5 15. fxg6 Rxe4 16. gxf7+ Kf8 17. Re1 Be6 18. Nd2 Rf4 19. h4 Qf6 20. Nd5 Nd4
21. Qe3 Nf5 22. Qxe6 Qxe6 23. Rxe6 Rxh4 24. Nxc7 Kxf7 25. Bd3 Rc8 26. Bxf5 Rxc7
27. Rge1 g5 28. Rxd6 Rf4 29. g4 Ra4 30. Ne4 Re7 31. Nxg5+ hxg5 32. Bg6+ Kf8 33.
Rd8+ Kg7 34. Rxe7+ Kf6 35. Rc7 Rxg4 36. Bd3 Rg1+ 37. Kd2 Rg2+ 38. Ke3 Rg3+ 39.
Kd4 Rg4+ 40. Be4 1-0

[Event "Seattle Seafair Open"]
[Site "Chess.com"]
[Date "2020.07.18"]
[Round "?"]
[White "Shahinyan, David"]
[Black "Bell, Harry"]
[Result "1-0"]
[WhiteElo "2506"]
[BlackElo "2000"]
[PlyCount "65"]
[EventDate "2020.??.??"]

1. e4 e5 2. Nf3 Nf6 3. d3 Nc6 4. Be2 d5 5. Nbd2 dxe4 6. dxe4 Bc5 7. O-O O-O 8.
c3 a6 9. b4 Ba7 10. a4 Re8 11. h3 Rb8 12. Qc2 b5 13. axb5 axb5 14. Rd1 Qe7 15.
Nf1 Nh5 16. Be3 Bxe3 17. Nxe3 Nf4 18. Nd5 Nxd5 19. Rxd5 Bd7 20. Rad1 Red8 21.
Qc1 f6 22. Bxb5 Rxb5 23. Rxb5 Nd4 24. Nxd4 exd4 25. Rd5 Re8 26. R5xd4 Ba4 27.
R1d2 Qe5 28. Qa3 Bc6 29. Qa2+ Kh8 30. Qf7 h5 31. Rd5 Re7 32. Qf8+ Kh7 33. Rxe5
1-0

[Event "Seattle Seafair Open"]
[Site "Chess.com"]
[Date "2020.07.18"]
[Round "?"]
[White "Shanmugam, Meera"]
[Black "Bablani, Arnav"]
[Result "1-0"]
[WhiteElo "1224"]
[BlackElo "909"]
[PlyCount "45"]
[EventDate "2020.??.??"]

1. e4 e5 2. Nf3 Nc6 3. Bb5 Nf6 4. O-O a6 5. Ba4 b5 6. Bb3 d5 7. exd5 Nxd5 8.
Re1 Bd6 9. Bxd5 Bb7 10. d4 O-O 11. dxe5 Bc5 12. Bf4 Qe7 13. Nc3 Rad8 14. Bg5
Qd7 15. Bxd8 Rxd8 16. Bxc6 Qxd1 17. Raxd1 Rxd1 18. Rxd1 Bxc6 19. Rd8+ Bf8 20.
Ng5 g6 21. e6 f6 22. e7 Kg7 23. exf8=Q# 1-0

[Event "Seattle Seafair Open"]
[Site "Chess.com"]
[Date "2020.07.19"]
[Round "?"]
[White "Shanmugam, Meera"]
[Black "Ingram, Richard"]
[Result "0-1"]
[WhiteElo "1224"]
[BlackElo "1880"]
[PlyCount "46"]
[EventDate "2020.??.??"]

1. e4 c5 2. Nf3 Nc6 3. d4 cxd4 4. Nxd4 Nf6 5. Nc3 d6 6. Be3 Ng4 7. Qd2 Nxe3 8.
Qxe3 e6 9. Bc4 a6 10. f3 Qc7 11. O-O-O Be7 12. Kb1 O-O 13. h4 Ne5 14. Bb3 b5
15. a3 Bd7 16. g4 Nc4 17. Bxc4 bxc4 18. h5 Rab8 19. Rhg1 Qb6 20. Qc1 Bg5 21. f4
Bxf4 22. Rd2 Bxd2 23. Qxd2 Qxb2# 0-1

[Event "Seattle Seafair Open"]
[Site "Chess.com"]
[Date "2020.07.18"]
[Round "?"]
[White "Shanmugam, Meera"]
[Black "Chen, Minda"]
[Result "0-1"]
[WhiteElo "1224"]
[BlackElo "1966"]
[PlyCount "120"]
[EventDate "2020.??.??"]

1. e4 c5 2. Nf3 e6 3. d4 cxd4 4. Nxd4 a6 5. Be3 Nf6 6. Nc3 Qc7 7. Qd2 Bb4 8. f3
d5 9. a3 Bxc3 10. bxc3 dxe4 11. Be2 Nbd7 12. O-O exf3 13. Bxf3 Ne5 14. Bf4
Nxf3+ 15. Rxf3 Qc5 16. Re3 Nd5 17. Rf3 Nxf4 18. Qxf4 O-O 19. Kh1 e5 20. Nb3 Qe7
21. Qe3 f6 22. h3 Be6 23. a4 b5 24. a5 Rfd8 25. Rff1 Rd5 26. Nc1 Qc5 27. Qf3
Rc8 28. Ne2 Rd2 29. Rac1 Bc4 30. Rfe1 Bxe2 31. Rxe2 Rxe2 32. Qxe2 Qxc3 33. Kg1
Rd8 34. Qe4 Qd4+ 35. Qxd4 Rxd4 36. Kf2 Kf7 37. Ke3 Ke7 38. c3 Ra4 39. Kd3 Rxa5
40. g4 Ra3 41. Ke4 Ke6 42. Rc2 g6 43. Rc1 f5+ 44. gxf5+ gxf5+ 45. Ke3 b4 46.
Kd3 Rxc3+ 47. Rxc3 bxc3 48. Kxc3 f4 49. Kd3 a5 50. Kc3 f3 51. Kd3 a4 52. Ke3 e4
53. Kxe4 f2 54. Ke3 f1=Q 55. Kd4 a3 56. Kc3 a2 57. Kb2 a1=Q+ 58. Kb3 Qfc1 59.
h4 Qab2+ 60. Ka4 Qca1# 0-1

[Event "Seattle Seafair Open"]
[Site "Chess.com"]
[Date "2020.07.18"]
[Round "?"]
[White "Shapiro, Michael"]
[Black "Lenderman, Aleksandr"]
[Result "1-0"]
[WhiteElo "1502"]
[BlackElo "2717"]
[PlyCount "101"]
[EventDate "2020.??.??"]

1. c4 b6 2. Nf3 Bb7 3. Nc3 e6 4. a3 Nf6 5. g3 c5 6. Bg2 Nc6 7. O-O Be7 8. b3
O-O 9. d4 Nxd4 10. Nxd4 Bxg2 11. Kxg2 cxd4 12. Qxd4 Qc7 13. Kg1 Rfd8 14. Bb2
Qc6 15. Qd3 d5 16. cxd5 Nxd5 17. Nxd5 Rxd5 18. Qc3 Qxc3 19. Bxc3 h5 20. b4 Rc8
21. Rac1 a5 22. e3 Rd3 23. Bd4 Rb8 24. Rc7 Bf8 25. Rc3 Rxc3 26. Bxc3 Rc8 27.
Bd4 axb4 28. axb4 b5 29. Ra1 Bxb4 30. Rb1 Rc4 31. Kg2 f6 32. f4 Kf7 33. Kf3 Ke7
34. Rxb4 Rxb4 35. Bc5+ Kd7 36. Bxb4 Kc6 37. Ke4 Kd7 38. h4 g6 39. Kf3 Kc6 40.
Ke4 Kd7 41. Kd4 Kc6 42. e4 Kb6 43. f5 gxf5 44. exf5 exf5 45. Kd5 Kc7 46. Ke6
Kc6 47. Kxf5 Kd5 48. Kxf6 Ke4 49. Kg5 Kf3 50. Kxh5 Kxg3 51. Kg5 1-0

[Event "Seattle Seafair Open"]
[Site "Chess.com"]
[Date "2020.07.19"]
[Round "?"]
[White "Shen, Lixing"]
[Black "Bablani, Arnav"]
[Result "1-0"]
[WhiteElo "1083"]
[BlackElo "909"]
[PlyCount "143"]
[EventDate "2020.??.??"]

1. e4 e5 2. Nf3 Nc6 3. d4 exd4 4. Bc4 Bb4+ 5. c3 dxc3 6. bxc3 Ba5 7. O-O Nf6 8.
e5 Ne4 9. Qd5 O-O 10. Qxe4 Ne7 11. Bd3 Ng6 12. Qe2 d5 13. Bd2 Bg4 14. h3 Be6
15. Rd1 Qd7 16. Nd4 c5 17. Nxe6 fxe6 18. Qg4 Nxe5 19. Qg3 Bc7 20. Qe3 c4 21.
Bc2 Bb6 22. Qxe5 Bxf2+ 23. Kh1 Rf7 24. Na3 b5 25. Rf1 Raf8 26. Be3 a5 27. Rxf2
Rxf2 28. Bxf2 Rxf2 29. Rc1 b4 30. Nb1 Qf7 31. Qb8+ Qf8 32. Qxf8+ Rxf8 33. Re1
Re8 34. Kh2 g6 35. Kg3 Kg7 36. Kf4 e5+ 37. Rxe5 Rxe5 38. Kxe5 Kh6 39. Kxd5 bxc3
40. Nxc3 Kg5 41. Kxc4 Kh4 42. Be4 Kg3 43. Kb5 h5 44. Kxa5 g5 45. Kb5 g4 46.
hxg4 hxg4 47. a4 Kf4 48. a5 Ke5 49. a6 Kd6 50. a7 Kc7 51. a8=Q g3 52. Qb7+ Kd6
53. Qc6+ Ke5 54. Qd5+ Kf4 55. Qf5+ Ke3 56. Nd5+ Kd4 57. Qf3 Ke5 58. Qxg3+ Kxe4
59. Nf6+ Kf5 60. Qg4+ Kxf6 61. Qf4+ Ke6 62. g4 Ke7 63. g5 Ke6 64. g6 Ke7 65. g7
Ke6 66. g8=R Ke7 67. Rg6 Kd7 68. Qd6+ Kc8 69. Qc6+ Kd8 70. Qd5+ Ke8 71. Rg7 Kf8
72. Qf7# 1-0

[Event "Seattle Seafair Open"]
[Site "Chess.com"]
[Date "2020.07.19"]
[Round "?"]
[White "Shen, Lixing"]
[Black "Elliott, William"]
[Result "1-0"]
[WhiteElo "1083"]
[BlackElo "1541"]
[PlyCount "51"]
[EventDate "2020.??.??"]

1. e4 c6 2. d4 d5 3. e5 Bf5 4. Nf3 e6 5. Bd3 Bxd3 6. Qxd3 Ne7 7. Nc3 Nd7 8. Bg5
Qc7 9. O-O Nb6 10. b3 h6 11. Bh4 g5 12. Bg3 Nf5 13. h3 Nxg3 14. fxg3 O-O-O 15.
a4 Bb4 16. a5 Nd7 17. a6 b5 18. Na2 Be7 19. c3 Nb8 20. Nb4 Rdf8 21. Kh2 f5 22.
Nd2 Bxb4 23. cxb4 Qg7 24. Rfc1 h5 25. Qxb5 Kd7 26. Qb7+ 1-0

[Event "Seattle Seafair Open"]
[Site "Chess.com"]
[Date "2020.07.18"]
[Round "?"]
[White "Shen, Lixing"]
[Black "Singh, Saket"]
[Result "0-1"]
[WhiteElo "1083"]
[BlackElo "1484"]
[PlyCount "98"]
[EventDate "2020.??.??"]

1. e4 e5 2. Nf3 Nc6 3. d4 exd4 4. Bc4 Nf6 5. O-O Nxe4 6. Re1 d5 7. Bxd5 Qxd5 8.
Nc3 Qd7 9. Rxe4+ Be7 10. Nxd4 f5 11. Rf4 O-O 12. Be3 Bg5 13. Rf3 f4 14. Nxc6
Qxc6 15. Bd2 Bg4 16. h3 Bxf3 17. Qxf3 Qxf3 18. gxf3 Rfe8 19. Ne4 Rad8 20. Bc3
Be7 21. Be5 Bd6 22. Bc3 Be5 23. Bb4 Bxb2 24. Re1 Bd4 25. Kh2 Kf7 26. Rg1 Be5
27. Ng5+ Kg8 28. Ne4 Rd4 29. Bc3 Rxe4 30. fxe4 Bxc3 31. f3 Rd8 32. Rg2 Bf6 33.
Re2 Rd4 34. Kg2 Be7 35. Kf1 Bb4 36. Kg2 Rd2 37. Rxd2 Bxd2 38. Kf2 Be3+ 39. Ke2
Kf7 40. Kd3 Ke6 41. Kc4 Ke5 42. a4 h5 43. Kd3 a5 44. c4 g5 45. Kc3 g4 46. hxg4
hxg4 47. fxg4 f3 48. Kd3 Bg5 49. c5 c6 0-1

[Event "Seattle Seafair Open"]
[Site "Chess.com"]
[Date "2020.07.18"]
[Round "?"]
[White "Shubin, Daniel"]
[Black "Zhang, Iris"]
[Result "1-0"]
[WhiteElo "2161"]
[BlackElo "1387"]
[PlyCount "63"]
[EventDate "2020.??.??"]

1. e4 e6 2. d4 d5 3. Nc3 Nf6 4. exd5 exd5 5. Bg5 c6 6. Bd3 Bd6 7. Qd2 O-O 8.
O-O-O Be6 9. Nf3 Nbd7 10. Rde1 a5 11. Ne5 Qc7 12. f4 Bg4 13. h3 Ne4 14. Bxe4
dxe4 15. hxg4 Nb6 16. Nxe4 f6 17. Qd3 fxe5 18. Nxd6 g6 19. fxe5 Nd5 20. Ref1 a4
21. Bh6 Rxf1+ 22. Rxf1 Qe7 23. Rf7 Qxf7 24. Nxf7 Kxf7 25. Qf3+ Ke6 26. c4 Nb6
27. Qf6+ Kd7 28. Qf7+ Kc8 29. Qf8+ Kc7 30. Qd6+ Kc8 31. Bg5 Nd7 32. e6 1-0

[Event "Seattle Seafair Open"]
[Site "Chess.com"]
[Date "2020.07.19"]
[Round "?"]
[White "Shubin, Daniel"]
[Black "Zhu, Florina"]
[Result "1/2-1/2"]
[WhiteElo "2161"]
[BlackElo "1506"]
[PlyCount "47"]
[EventDate "2020.??.??"]

1. e4 e5 2. Nf3 Nc6 3. Bc4 Bc5 4. c3 Nf6 5. d4 exd4 6. cxd4 Bb4+ 7. Bd2 Bxd2+
8. Nbxd2 d5 9. exd5 Nxd5 10. Qb3 Nce7 11. O-O O-O 12. Rfe1 h6 13. Ne4 b6 14.
Ne5 Bb7 15. Rad1 Kh8 16. Nc5 bxc5 17. Qxb7 Rb8 18. Qxa7 f6 19. Nf3 Rxb2 20.
dxc5 c6 21. Nd4 Qc8 22. Bb3 Qg4 23. Qa3 Nf4 24. g3 1/2-1/2

[Event "Seattle Seafair Open"]
[Site "Chess.com"]
[Date "2020.07.18"]
[Round "?"]
[White "Siddem, Sid"]
[Black "Lankipalle, Sravyasri"]
[Result "0-1"]
[WhiteElo "988"]
[BlackElo "1452"]
[PlyCount "98"]
[EventDate "2020.??.??"]

1. e4 c6 2. d4 d5 3. e5 Bf5 4. Nf3 e6 5. Nc3 c5 6. Be3 Nd7 7. Bb5 c4 8. Bxd7+
Qxd7 9. Ne2 Ne7 10. b3 Qc7 11. Rc1 Bg4 12. Nd2 c3 13. Nb1 Qa5 14. a4 Nf5 15.
Qd3 Bxe2 16. Qxe2 a6 17. O-O b5 18. axb5 axb5 19. Qd3 b4 20. Rcd1 Be7 21. Rfe1
O-O 22. Bf4 Qb6 23. Kh1 Rfc8 24. Rg1 Nh4 25. Qg3 Qb5 26. Bg5 Nf5 27. Qg4 Bxg5
28. Qxg5 Qe2 29. Qc1 Ra2 30. Rde1 Qxf2 31. g4 Nxd4 32. Ref1 Qxc2 33. Qf4 Qe4+
34. Qxe4 dxe4 35. Rc1 Nxb3 36. Rcd1 c2 37. Rd7 g6 38. Nd2 Nxd2 39. Rxd2 c1=Q
40. Rxa2 Qe3 41. Re1 Qxe1+ 42. Kg2 Qb1 43. Rf2 b3 44. h4 Rc2 45. Rxc2 bxc2 46.
h5 c1=R 47. h6 Qb3 48. Kh2 Rc2+ 49. Kg1 Qb1# 0-1

[Event "Seattle Seafair Open"]
[Site "Chess.com"]
[Date "2020.07.19"]
[Round "?"]
[White "Siddem, Sid"]
[Black "Nagarajan, Pranith"]
[Result "1-0"]
[WhiteElo "988"]
[BlackElo "904"]
[PlyCount "65"]
[EventDate "2020.??.??"]

1. e4 e5 2. Nf3 Nc6 3. d4 exd4 4. Nxd4 Nxd4 5. Qxd4 d6 6. Nc3 Nf6 7. Bg5 Be7 8.
Bd3 Be6 9. Qb4 Rb8 10. Qa4+ Bd7 11. Qxa7 b6 12. Qa3 Ra8 13. Qb3 O-O 14. Bxf6
Bxf6 15. O-O Be6 16. Bc4 Bxc4 17. Qxc4 Re8 18. Nd5 Rc8 19. Nxf6+ Qxf6 20. c3
Re5 21. Qa6 Rce8 22. Rfe1 h6 23. f3 Rg5 24. Qb7 Qxf3 25. g3 Rg4 26. Qxc7 Rgxe4
27. Rf1 Qh5 28. Qxb6 Qh3 29. Qf2 Re2 30. Qxf7+ Kh8 31. Rf2 Re1+ 32. Rxe1 Re2
33. Rexe2 1-0

[Event "Seattle Seafair Open"]
[Site "Chess.com"]
[Date "2020.07.19"]
[Round "?"]
[White "Singh, Saket"]
[Black "Sairam, Pranav"]
[Result "0-1"]
[WhiteElo "1484"]
[BlackElo "2087"]
[PlyCount "64"]
[EventDate "2020.??.??"]

1. e4 e5 2. Nf3 Nf6 3. Nc3 Nc6 4. d4 exd4 5. Nxd4 Bb4 6. Nxc6 bxc6 7. Bd3 d5 8.
exd5 cxd5 9. O-O O-O 10. Bg5 c6 11. Qf3 Bd6 12. h3 Rb8 13. Rab1 h6 14. Bf4 Re8
15. b3 Be6 16. Rfe1 c5 17. Bxd6 Qxd6 18. Bf5 d4 19. Ne4 Nxe4 20. Qxe4 Bxf5 21.
Qxf5 g6 22. Qd3 Qd5 23. Qd2 Kg7 24. Rxe8 Rxe8 25. Re1 Qg5 26. Qd1 Rd8 27. Qd3
h5 28. Qe4 Qd2 29. Qe5+ Kh7 30. Qe7 Rd7 31. Qe2 Qc3 32. Qd3 Qxe1+ 0-1

[Event "Seattle Seafair Open"]
[Site "Chess.com"]
[Date "2020.07.18"]
[Round "?"]
[White "Singh, Saket"]
[Black "Qian, Daniel"]
[Result "1-0"]
[WhiteElo "1484"]
[BlackElo "1886"]
[PlyCount "63"]
[EventDate "2020.??.??"]

1. e4 d6 2. d4 Nf6 3. Nc3 g6 4. f4 Bg7 5. Nf3 c5 6. Bb5+ Bd7 7. e5 Ng4 8. Bxd7+
Nxd7 9. e6 Ndf6 10. exf7+ Kxf7 11. Ng5+ Kg8 12. Qe2 Qd7 13. dxc5 dxc5 14. Qc4+
e6 15. h3 Nh6 16. Bd2 Nf7 17. O-O-O Nxg5 18. fxg5 Nd5 19. Rdf1 b6 20. Ne4 Rf8
21. Rxf8+ Kxf8 22. Rf1+ Ke8 23. Qd3 Rf8 24. Rxf8+ Kxf8 25. c4 Nf6 26. Qf3 Qd4
27. gxf6 Bh8 28. Bh6+ Ke8 29. f7+ Kd7 30. f8=Q Qxb2+ 31. Kd1 Qb1+ 32. Bc1 1-0

[Event "Seattle Seafair Open"]
[Site "Chess.com"]
[Date "2020.07.18"]
[Round "?"]
[White "Singh, Saket"]
[Black "Lugovskoy, Maxim"]
[Result "0-1"]
[WhiteElo "1484"]
[BlackElo "2488"]
[PlyCount "96"]
[EventDate "2020.??.??"]

1. e4 e6 2. d4 d5 3. Nc3 Bb4 4. a3 Bxc3+ 5. bxc3 dxe4 6. Qg4 Nf6 7. Qxg7 Rg8 8.
Qh6 Nbd7 9. Bb2 b6 10. Qe3 Bb7 11. Bc4 Rxg2 12. Ne2 Ng4 13. Qf4 e3 14. fxe3
Qh4+ 15. Kd2 O-O-O 16. h3 Nde5 17. hxg4 Nxc4+ 18. Kd3 Nxb2+ 19. Kd2 Rxe2+ 20.
Kxe2 Bxh1 21. Rb1 Nc4 22. Qxf7 Qh2+ 23. Qf2 Qxf2+ 24. Kxf2 Be4 25. Rc1 Rf8+ 26.
Ke2 Rf3 27. Rf1 Rxe3+ 28. Kd1 Rxc3 29. Re1 Bxc2+ 30. Ke2 Re3+ 31. Kf2 Rxe1 32.
Kxe1 Nxa3 33. Kd2 Kd7 34. Kc3 Kd6 35. Kd2 Kd5 36. Kc3 e5 37. dxe5 Kxe5 38. Kb2
Kf4 39. Kxa3 Kxg4 40. Kb2 h5 41. Kxc2 h4 42. Kd3 h3 43. Ke2 h2 44. Kf2 h1=Q 45.
Ke3 Qd5 46. Kf2 Qd2+ 47. Kg1 Kg3 48. Kh1 Qd1# 0-1

[Event "Seattle Seafair Open"]
[Site "Chess.com"]
[Date "2020.07.19"]
[Round "?"]
[White "Sripathi, Prajna"]
[Black "Tameling, Cole"]
[Result "1-0"]
[WhiteElo "834"]
[BlackElo "440"]
[PlyCount "59"]
[EventDate "2020.??.??"]

1. e4 e5 2. Nf3 Nc6 3. Bc4 Nf6 4. Nc3 Nxe4 5. O-O Nxc3 6. dxc3 d5 7. Qxd5 Qxd5
8. Bxd5 Bc5 9. Re1 Bd6 10. Nxe5 Nxe5 11. f4 f6 12. fxe5 fxe5 13. Bf4 c6 14. Bb3
Kd7 15. Bxe5 Bxe5 16. Rxe5 Kd6 17. Rae1 Bg4 18. Re7 Rad8 19. Rxb7 a5 20. Rxg7
h5 21. Rge7 h4 22. R1e5 Rhg8 23. Bxg8 Rxg8 24. c4 c5 25. Re3 Bf5 26. c3 h3 27.
g3 Rf8 28. b4 axb4 29. cxb4 Bg6 30. R3e6# 1-0

[Event "Seattle Seafair Open"]
[Site "Chess.com"]
[Date "2020.07.18"]
[Round "?"]
[White "Sripathi, Prajna"]
[Black "Gottumukkala, Anath"]
[Result "0-1"]
[WhiteElo "834"]
[BlackElo "1785"]
[PlyCount "72"]
[EventDate "2020.??.??"]

1. e4 d6 2. d4 Nf6 3. Nc3 g6 4. Nf3 Bg7 5. Bc4 O-O 6. O-O Bg4 7. Be3 Nc6 8. h3
Bxf3 9. Qxf3 e5 10. d5 Nd4 11. Bxd4 exd4 12. Ne2 Re8 13. Bd3 Nd7 14. Ng3 a6 15.
Rfe1 h5 16. Rac1 h4 17. Nf1 Bh6 18. Rb1 Qg5 19. Nh2 Ne5 20. Qd1 Qf4 21. c3 dxc3
22. bxc3 b5 23. Re2 Re7 24. Qc2 Rae8 25. a4 Nxd3 26. Qxd3 bxa4 27. Qxa6 Rxe4
28. Rb4 Qc1+ 29. Nf1 Rxe2 30. Qxa4 Qxf1+ 31. Kh2 Qxf2 32. Rg4 R8e4 33. Qa8+ Kg7
34. Qa1 Rxg4 35. c4+ Rd4 36. Qh1 Bf4# 0-1

[Event "Seattle Seafair Open"]
[Site "Chess.com"]
[Date "2020.07.18"]
[Round "?"]
[White "Szeto, Sophie"]
[Black "Razmov, Valentin"]
[Result "1/2-1/2"]
[WhiteElo "1496"]
[BlackElo "1986"]
[PlyCount "87"]
[EventDate "2020.??.??"]

1. e4 d5 2. exd5 Qxd5 3. Nc3 Qa5 4. Nf3 Nf6 5. d4 c6 6. Bd3 Bg4 7. h3 Bh5 8.
O-O e6 9. Bd2 Qc7 10. Re1 Bd6 11. Ne4 Nxe4 12. Bxe4 Nd7 13. c3 Nf6 14. Bd3 O-O
15. Bg5 Bf4 16. Bxf6 gxf6 17. Qe2 Kh8 18. Kh1 Rae8 19. g4 Bg6 20. Nd2 e5 21.
Ne4 exd4 22. cxd4 Re6 23. Qf3 Rfe8 24. Re2 Qe7 25. Rae1 Bd6 26. Nxd6 Qxd6 27.
Rxe6 Rxe6 28. Rxe6 Qxe6 29. a3 Bxd3 30. Qxd3 Qd5+ 31. Kg1 Kg7 32. Qe3 a5 33.
Qc3 f5 34. gxf5 Kf6 35. Kf1 Kxf5 36. Qc2+ Qe4 37. Qc5+ Ke6 38. Qc3 b6 39. Qb3+
Kd6 40. Qxb6 Qb1+ 41. Kg2 Qe4+ 42. Kg3 Qd3+ 43. Kg2 Qe4+ 44. Kg3 1/2-1/2

[Event "Seattle Seafair Open"]
[Site "Chess.com"]
[Date "2020.07.18"]
[Round "?"]
[White "Szeto, Sophie"]
[Black "Devadithya, Hiruna"]
[Result "1-0"]
[WhiteElo "1496"]
[BlackElo "1148"]
[PlyCount "69"]
[EventDate "2020.??.??"]

1. e4 c5 2. Nf3 d6 3. d4 cxd4 4. Nxd4 Nf6 5. Nc3 a6 6. Be2 e6 7. O-O b5 8. a3
Bb7 9. Bf3 Nbd7 10. Re1 Ne5 11. Qe2 Be7 12. Bd2 O-O 13. Rad1 Nfd7 14. Bc1 Rc8
15. Bh5 g6 16. Bg4 Nxg4 17. Qxg4 Ne5 18. Qh3 Bf6 19. Nb1 Re8 20. Nd2 Nd7 21.
N2f3 Nc5 22. e5 Be7 23. exd6 Bxd6 24. Ng5 h5 25. b4 Nd7 26. Ne4 Bxe4 27. Rxe4
Bf8 28. Nxe6 fxe6 29. Rxe6 Rxc2 30. Rxg6+ Bg7 31. Rxg7+ Kxg7 32. Rxd7+ Re7 33.
Qg3+ Kh8 34. Rxd8+ Kh7 35. Qg8# 1-0

[Event "Seattle Seafair Open"]
[Site "Chess.com"]
[Date "2020.07.18"]
[Round "?"]
[White "Talukdar, Rohan"]
[Black "Guo, Veronica"]
[Result "1-0"]
[WhiteElo "2402"]
[BlackElo "1683"]
[PlyCount "67"]
[EventDate "2020.??.??"]

1. e4 c6 2. d4 d5 3. Nc3 dxe4 4. Nxe4 Bf5 5. Ng3 Bg6 6. h4 h6 7. Nf3 Nd7 8. h5
Bh7 9. Bd3 Bxd3 10. Qxd3 e6 11. Bd2 Qc7 12. O-O-O Ngf6 13. Ne4 O-O-O 14. g3
Nxe4 15. Qxe4 Nf6 16. Qe2 Bd6 17. c4 c5 18. Bc3 cxd4 19. Nxd4 a6 20. Kb1 Kb8
21. Nb3 Qc6 22. Rh4 Be7 23. Rc1 Rhg8 24. c5 Ka8 25. Rc4 Qd5 26. Bxf6 Bxf6 27.
c6 b5 28. R4c2 Qd3 29. c7 Qxe2 30. cxd8=Q+ Rxd8 31. Rxe2 Rd5 32. Rd2 Rxh5 33.
Rd7 Kb8 34. Na5 1-0

[Event "Seattle Seafair Open"]
[Site "Chess.com"]
[Date "2020.07.19"]
[Round "?"]
[White "Talukdar, Rohan"]
[Black "Shahinyan, David"]
[Result "0-1"]
[WhiteElo "2402"]
[BlackElo "2506"]
[PlyCount "152"]
[EventDate "2020.??.??"]

1. e4 d6 2. d4 Nf6 3. Nc3 e5 4. Nf3 Nbd7 5. Bc4 Be7 6. O-O c6 7. a4 O-O 8. Re1
exd4 9. Nxd4 Ne5 10. Ba2 Re8 11. h3 Bd7 12. Be3 Qa5 13. f4 Ng6 14. Qd3 Bd8 15.
Bd2 Qc5 16. b4 Qh5 17. f5 Ne5 18. Qg3 Bb6 19. Be3 a5 20. b5 Bc5 21. Nde2 Nf3+
22. Qxf3 Qxf3 23. gxf3 Bxe3+ 24. Kg2 Rad8 25. Red1 Bc5 26. bxc6 bxc6 27. Ng3 g6
28. fxg6 hxg6 29. Rab1 Bc8 30. Nce2 Kg7 31. c3 Rh8 32. Rh1 Rh4 33. Nd4 Rdh8 34.
Kf2 Rxh3 35. Rxh3 Rxh3 36. Rh1 Rxh1 37. Nxh1 Nh5 38. Ke3 Ba6 39. Nf2 Ng3 40.
Nd3 Bb6 41. Kd2 Nf1+ 42. Ke2 Ng3+ 43. Kd2 Bb7 44. Nb2 d5 45. exd5 cxd5 46. Nd3
Bxd4 47. cxd4 Bc6 48. Nc5 Nf5 49. Nb3 Bxa4 50. Nxa5 Ne7 51. Nb7 Bc6 52. Na5 Bd7
53. Bb1 Bf5 54. Bxf5 Nxf5 55. Nc6 Kf6 56. Kd3 g5 57. Ne5 Ne7 58. Ke3 Ke6 59.
Kd3 Ng6 60. Nc6 f5 61. Nd8+ Kf6 62. Ke3 g4 63. fxg4 fxg4 64. Kf2 Kf5 65. Kg3
Nf4 66. Nc6 Nh5+ 67. Kh4 g3 68. Ne5 Ke4 69. Kg4 Kxd4 70. Nf3+ Ke3 71. Nh4 d4
72. Kxh5 d3 73. Kg4 d2 74. Ng2+ Kf2 75. Ne3 Kxe3 76. Kxg3 d1=Q 0-1

[Event "Seattle Seafair Open"]
[Site "Chess.com"]
[Date "2020.07.18"]
[Round "?"]
[White "Tameling, Benton"]
[Black "Shen, Lixing"]
[Result "1-0"]
[WhiteElo "792"]
[BlackElo "1083"]
[PlyCount "83"]
[EventDate "2020.??.??"]

1. d4 d5 2. c4 e6 3. Nf3 Nf6 4. g3 Bb4+ 5. Bd2 Bxd2+ 6. Nbxd2 O-O 7. Bg2 dxc4
8. Nxc4 Nc6 9. O-O Re8 10. Nfe5 Nxe5 11. Nxe5 Rb8 12. e3 b6 13. Nc6 Qd6 14.
Nxb8 Nd5 15. e4 Nb4 16. e5 Qe7 17. Nc6 Nxc6 18. Bxc6 Rd8 19. Qf3 Rxd4 20. Rfd1
Rc4 21. Qd3 Rxc6 22. Qd8+ Qf8 23. Qxf8+ Kxf8 24. Rd8+ Ke7 25. Rxc8 Kd7 26. Rh8
h6 27. Rg8 g6 28. Rd1+ Ke7 29. Rgd8 Rc2 30. R8d7+ Kf8 31. Rd8+ Kg7 32. Re8 Rxb2
33. Rdd8 h5 34. Rh8 f6 35. Rhg8+ Kf7 36. Rgf8+ Kg7 37. exf6+ Kh6 38. f7 Kg7 39.
Rd7 c5 40. Rg8+ Kh6 41. f8=Q+ Kg5 42. Qf4# 1-0

[Event "Seattle Seafair Open"]
[Site "Chess.com"]
[Date "2020.07.18"]
[Round "?"]
[White "Tameling, Benton"]
[Black "Zhuang, Kyle"]
[Result "0-1"]
[WhiteElo "792"]
[BlackElo "1637"]
[PlyCount "72"]
[EventDate "2020.??.??"]

1. d4 Nf6 2. c4 g6 3. Nf3 Bg7 4. g3 d6 5. Bg2 O-O 6. O-O Nbd7 7. Nc3 e5 8. Qc2
h6 9. Rd1 Qe7 10. e4 c6 11. d5 Ne8 12. Nh4 Nc7 13. b4 c5 14. a3 Ne8 15. Be3 b6
16. b5 Nef6 17. h3 Nh5 18. Qd2 Nf4 19. Bf1 f5 20. Bxf4 exf4 21. Nxg6 Qf6 22.
Nxf8 Nxf8 23. Rac1 fxg3 24. fxg3 Qe5 25. Qf4 Qe7 26. exf5 Bd4+ 27. Kh2 Be3 28.
Re1 Bxf4 29. Rxe7 Bxc1 30. f6 Bf5 31. Rg7+ Kh8 32. Be2 Bb2 33. g4 Bg6 34. g5
hxg5 35. Bh5 Bxh5 36. Rxg5 Bg6 0-1

[Event "Seattle Seafair Open"]
[Site "Chess.com"]
[Date "2020.07.19"]
[Round "?"]
[White "Tameling, Benton"]
[Black "Li, Emma"]
[Result "0-1"]
[WhiteElo "792"]
[BlackElo "1342"]
[PlyCount "74"]
[EventDate "2020.??.??"]

1. d4 d5 2. c4 c6 3. Nf3 Nf6 4. g3 e6 5. Bg2 Be7 6. O-O O-O 7. cxd5 exd5 8. Nc3
Bf5 9. Ne5 Nbd7 10. f4 Bd6 11. e3 Re8 12. b3 h6 13. h4 Bb4 14. Bb2 Bxc3 15.
Bxc3 Ne4 16. Be1 f6 17. g4 Bh7 18. Nxd7 Qxd7 19. f5 Qc7 20. Rc1 Rad8 21. Rf3 g5
22. h5 Kg7 23. Bb4 a5 24. Be1 Re7 25. b4 axb4 26. Bxb4 Red7 27. Qe1 Re8 28. a4
Nd6 29. Rf2 Nc4 30. Re2 Bg8 31. Ra1 b6 32. e4 Qf4 33. exd5 Rxe2 34. Qxe2 Qxd4+
35. Kh1 Qxa1+ 36. Kh2 cxd5 37. Qe8 Qe5+ 0-1